Southville International School and Colleges
Your cart is empty.
  • Cart
  • Lists
    Public lists Eva Luna New books Lux_list list_1
    Your lists Log in to create your own lists
  • Log in to your account
  • Your cookies
  • Search history
Southville International School and Colleges
  • Advanced search
  • Recent comments
  • Most popular
  • Libraries

Log in to your account

Log in with GOOGLE


If you do not have an external account, but do have a local account, you can still log in:

  1. Home
  2. MARC view: A father's loss: living through a miscarriage
Normal view MARC view ISBD view

A father's loss: living through a miscarriage (Record no. 366992)

[ view plain ]
MARC details
000 -LEADER
fixed length control field 00863nam a22002417a 4500
003 - CONTROL NUMBER IDENTIFIER
control field 0
005 - DATE AND TIME OF LATEST TRANSACTION
control field 20250115173616.0
008 - FIXED-LENGTH DATA ELEMENTS--GENERAL INFORMATION
fixed length control field 250115b xxu||||| |||| 00| 0 eng d
050 ## - LIBRARY OF CONGRESS CALL NUMBER
Classification number RG 648
Item number .Sa24 2023
100 ## - MAIN ENTRY--PERSONAL NAME
Personal name Sares, Marian Kierstin D.
245 ## - TITLE STATEMENT
Title A father's loss: living through a miscarriage
Statement of responsibility, etc Marian Kierstin D. Sares [and our others]
260 ## - PUBLICATION, DISTRIBUTION, ETC. (IMPRINT)
Place of publication, distribution, etc Las Pinas City
Name of publisher, distributor, etc Southville International School and Colleges
Date of publication, distribution, etc 2023
300 ## - PHYSICAL DESCRIPTION
Extent x, 170 pages :
Other physical details illustrations ;
Dimensions 28cm.
504 ## - BIBLIOGRAPHY, ETC. NOTE
Bibliography, etc Includes bibliographical references and appendices. <br/>
650 ## - SUBJECT ADDED ENTRY--TOPICAL TERM
Topical term or geographic name as entry element Miscarriage—Psychological aspects.
650 ## - SUBJECT ADDED ENTRY--TOPICAL TERM
Topical term or geographic name as entry element Fathers—Psychology.
650 ## - SUBJECT ADDED ENTRY--TOPICAL TERM
Topical term or geographic name as entry element Parent and child—Psychological aspect.
700 ## - ADDED ENTRY--PERSONAL NAME
Personal name Simpao, Erika Janine
700 ## - ADDED ENTRY--PERSONAL NAME
Personal name Soriano, Ian Cyrus
700 ## - ADDED ENTRY--PERSONAL NAME
Personal name Tobias, Rigel Kent
700 ## - ADDED ENTRY--PERSONAL NAME
Personal name Vasquez, Mari Sheanne
942 ## - ADDED ENTRY ELEMENTS (KOHA)
Source of classification or shelving scheme Library of Congress Classification
Koha item type Theses
Holdings
Withdrawn status Lost status Source of classification or shelving scheme Damaged status Home library Current library Shelving location Date acquired Source of acquisition Sub Shelving location Total Checkouts Full call number Barcode Date last seen Price effective from Koha item type
    Library of Congress Classification   College Library College Library Theses Section 01/15/2025 Donation     RG 648 .Sa24 2023 T1269 01/15/2025 01/15/2025 Theses

A father's loss: living through a miscarriage

APA

Sares M. K. D., Simpao E. J., Soriano I. C., Tobias R. K. & Vasquez M. S. (2023). A father's loss: living through a miscarriage. Las Pinas City: Southville International School and Colleges.

Chicago

Sares Marian Kierstin D, Simpao Erika Janine, Soriano Ian Cyrus, Tobias Rigel Kent and Vasquez Mari Sheanne. 2023. A father's loss: living through a miscarriage. Las Pinas City: Southville International School and Colleges.

Harvard

Sares M. K. D., Simpao E. J., Soriano I. C., Tobias R. K. and Vasquez M. S. (2023). A father's loss: living through a miscarriage. Las Pinas City: Southville International School and Colleges.

MLA

Sares Marian Kierstin D, Simpao Erika Janine, Soriano Ian Cyrus, Tobias Rigel Kent and Vasquez Mari Sheanne. A father's loss: living through a miscarriage. Las Pinas City: Southville International School and Colleges. 2023.

  • Print
  • Cite
  • Add to your cart (remove)
  • Save record
    BIBTEX Dublin Core MARCXML MARC (non-Unicode/MARC-8) MARC (Unicode/UTF-8) MARC (Unicode/UTF-8, Standard) MODS (XML) RIS
  • More searches
    Search for this title in:
    Other Libraries (WorldCat) Other Databases (Google Scholar) Online Stores (Bookfinder.com) Open Library (openlibrary.org)

Exporting to Dublin Core...

SOUTHVILLE LIBRARY

Southville International School and Colleges Library

1281 Tropical Ave. Cor. Luxembourg St., BF Homes International, Las Pinas City

Tel. No. 8256374 / 252358 Loc. 117/146

Powered by Koha